000 00400ntaaa2200169 4500
003 01
005 20251027201557.0
008 0714s1973 ag 01
040 _aAR-BaBN
_bspa
_cAR-BaBN
_eaacr
_dRIC
082 _a230.0000 H86
100 _aHuddleston, Trevor
_914425
245 _aThe True and Living God
250 _a1 ed.
260 _aLondon :
_bCollins,
_cc1964
300 _a94 p.
942 _cBK
999 _c10384
_d10384